000 00725nam a2200217Ia 4500
003 GCL
008 140319s9999 xx 000 0 ara d
040 _aGCL /
_cGCL
082 0 4 _aم
_b235.1
_bع ف
100 1 _aمحمد فؤاد عبدالباقى
245 1 0 _aفتح البارى بشرح صحيح البخارى /
_cمحمد فؤاد عبدالباقى
700 1 _aمحب الدين الخطيب
700 1 _aالعسقلانى : احمد بن على بن حجر
260 _aالقاهرة :
_bدار الكتب المصرية
300 _aمتعدد ؛
_c32 سم
650 0 4 _aالحديث
650 0 4 _aتفاسير
650 0 4 _aصحيح البخارى
650 0 4 _aالقران
942 _2ddc
_cREF
999 _c59332
_d59332